Responses for show #3032 - Tuesday, November 4, 1997

1997-B Teen Tournament quarterfinal game 2.

Contestants

Rachel Johnson, a sophomore from Carmel, Indiana

Jonathan Lowe, a senior from Kansas City, Missouri

Julie Anastasi, a senior from Moorestown, New Jersey

Jeopardy! Round responses

SOUTH OF THE EQUATOR
CAREER DAY
SCIENCE CLASS
TEEN CUISINE
CYBER LIFE
DIRTY 4-LETTER WORDS
    $100 7
Antarctica

Rachel
    $100 4
chef

Jonathan
    $100 19
craters

Rachel
    $100 1
Reese's

Jonathan
    $100 24
(Alex: "Cyber Lucy" is from the show Wheel 2000.)

an icon

Julie
    $100 13
smog

Rachel
    $200 8
New Zealand

Rachel
    $200 5
meteorologist

Rachel
    $200 20
tadpole

Rachel
    $200 2
popcorn

Rachel
    $200 25
(Julie: What is Austria?)

Australia

JulieJonathan
    $200 14
dust

Jonathan
    $300 9
Victoria Falls

Julie
    $300 6
puppeteers

Triple Stumper
    $300 21
the ear

Jonathan
    $300 3
Girl Scout cookies

Jonathan
    $300 26
Bill Gates

Rachel
    $300 15
mess

Jonathan
    $400 11
the Amazon

Julie
    $400 29
an escape artist

Julie
    $400 22
spawn

Jonathan
    $400 10
pretzels

Rachel
    $400 27
Tamagotchi

Julie
    $400 16
mold

Rachel
    $500 17
Falkland Islands (or Malvinas)

Jonathan
    $500 30
photojournalist

Jonathan
    $1,100 23
(Jonathan: What is water tension?)
(Alex: No, I don't think we can accept that.)

surface tension

Jonathan
    $500 12
cranberries

Julie
    $500 28
Redneck Rampage

Triple Stumper
    $500 18
muck

Julie

Scores at the first commercial break (after clue 15):

Julie Jonathan Rachel
$1,200 $1,000 $1,200

Scores at the end of the Jeopardy! Round:

Julie Jonathan Rachel
$2,400 $1,800 $2,200

Double Jeopardy! Round responses

HISTORIC NUMBERS
BOOK REPORT
(Alex: Oh, you'll love that!)
THE ALPHABET
SCHWARZENEGGER FILMS
THE CHESS CLUB
GET SOME SUN
    $200 8
10 (the Bill of Rights)

Jonathan
    $200 19
tornadoes

Rachel
    $200 14
vowels

Jonathan
    $200 6
Conan

Jonathan
    $200 1
king

Jonathan
    $200 23
rotates

Julie
    $400 9
"Four score and seven..."

Jonathan
    $400 20
Washington Irving

Triple Stumper
    $400 15
Z

Julie
    $400 7
True Lies

Rachel
    $400 2
8

Jonathan
    $400 24
(Jonathan: What are waves?)
...
(Alex: A minute to go.)

tides

JulieJonathan
    $600 10
(Jonathan: What is the Seven Days War?)

Six-Day War

Jonathan
Triple Stumper
    $600 21
(Julie: What is the U.S.?)

Canada

Julie
Triple Stumper
    $600 16
E

Julie
    $1,000 11
Last Action Hero

Jonathan
    $600 3
check

Jonathan
    $600 25
a flare

Rachel
    $800 22
Windows 95

Triple Stumper
    $800 29
French (written by Jules Verne)

Jonathan
    $1,400 17
(Julie: What are "I"s?)
[NOTE: Like nearly all clues on Jeopardy!, this clue appeared in all capital letters on the show.]

capital letters (or upper case letters)

Julie
    $800 12
Pumping Iron

Triple Stumper
    $800 4
the knight

Jonathan
    $800 27
UV (ultraviolet) rays

Julie
    $1000 26
"54-40 or fight!"

Triple Stumper
    $1000 18
(Julie: Who are the Arabs?)

Romans

Julie
Triple Stumper
    $1000 13
Mr. Freeze (Dr. Victor Fries)

Jonathan
    $1000 5
a pawn

Julie
    $1000 28
fusion

Rachel

Scores at the end of the Double Jeopardy! Round:

Julie Jonathan Rachel
$2,800 $6,600 $4,400

Final Jeopardy! Round responses

FAMOUS AMERICANS
JulieWho is ?
$2,700
RachelWho is ?
$4,400
JonathanWho is
$2,300
Rev. Jesse Jackson

Final scores:

Julie Jonathan Rachel
$100 $4,300 $0
2nd place: $1,000 if eliminated Automatic semifinalist 3rd place: $1,000 if eliminated

Game dynamics:

Coryat scores:

Julie Jonathan Rachel
$4,200 $7,300 $4,400
13 R,
4 W
(including 1 DD)
21 R
(including 1 DD),
3 W
(including 1 DD)
14 R,
0 W

Combined Coryat: $15,900

The J! Archive is created by fans, for fans. The Jeopardy! game show and all elements thereof, including but not limited to copyright and trademark thereto, are the property of Jeopardy Productions, Inc. and are protected under law. This website is not affiliated with, sponsored by, or operated by Jeopardy Productions, Inc. Join the discussion at JBoard.tv.